000 00666nam a22002177a 4500
003 dpl
005 20180827123207.0
008 180827b xxu||||| |||| 00| 0 eng d
010 _aB-041488
020 _c695.00
_a81203179399
035 _aB-041488
037 _bBPPS/PUB
040 _aDPL
_bEN
_c0
082 _a005.754
_bSTU
100 _aSturm, Jake
245 _aData warehousing with Microsoft sql server 7.0 technical reference /
_cby Jake Sturm
260 _aNew Delhi
_bPrentice Hall of India
_c2001
270 _bNew Delhi
_aM-97, Connaught circus
_e110001
300 _axviii, 446p.
_c24cm(Hb)
942 _2ddc
_cEN
_h005.754
_mSTU
999 _c156384
_d156384